| 000 | 00308 a2200133 4500 | ||
|---|---|---|---|
| 001 | 89213 | ||
| 082 | _a813.54 STE | ||
| 090 |
_c42164 _d42164 |
||
| 100 | _aSteel, Danielle | ||
| 245 | _aSins of the mother | ||
| 260 |
_aLondon _bBantam Press _c2012 |
||
| 300 | _a354 p. | ||
| 740 | _aenglish novel;fiction | ||
| 942 |
_aCAE NUST _k813.54 STE |
||
| 999 |
_c324286 _d324286 |
||